Normal view
MARC view
- Henney, Keith
Entry Personal Name
001 - CONTROL NUMBER
- control field: 104190
003 - CONTROL NUMBER IDENTIFIER
- control field: NUST
005 - DATE AND TIME OF LATEST TRANSACTION
- control field: 20221206101759.0
008 - FIXED-LENGTH DATA ELEMENTS
- fixed length control field: 221206|| aca||aabn | a|a d
040 ## - CATALOGING SOURCE
- Original cataloging agency: NUST
- Transcribing agency: NUST
100 ## - HEADING--PERSONAL NAME
- Personal name: Henney, Keith
670 ## - SOURCE DATA FOUND
- Source citation: Work cat.: (NUST)182451: Henney, Keith, Electron tubes in industry /, 1952
